| 000 -LEADER |
| fixed length control field |
00664nam a2200241Ia 4500 |
| 001 - CONTROL NUMBER |
| control field |
3095 |
| 003 - CONTROL NUMBER IDENTIFIER |
| control field |
GE_BSU |
| 008 - FIXED-LENGTH DATA ELEMENTS--GENERAL INFORMATION |
| fixed length control field |
181216s||||||||xx |||||||||||||| ||und|| |
| 020 ## - INTERNATIONAL STANDARD BOOK NUMBER |
| International Standard Book Number |
5856391829 |
| 040 ## - CATALOGING SOURCE |
| Transcribing agency |
GE_BSU |
| 080 ## - UNIVERSAL DECIMAL CLASSIFICATION NUMBER |
| Universal Decimal Classification number |
330.1(075.8) |
| 245 ## - TITLE STATEMENT |
| Title |
Экономика |
| 245 ## - TITLE STATEMENT |
| Remainder of title |
учебник по курсу, "экономическая категория", |
| 245 ## - TITLE STATEMENT |
| Statement of responsibility, etc. |
перераб..и доп. под ред. А.С. Булатова. |
| 250 ## - EDITION STATEMENT |
| Edition statement |
издание 2-е |
| 260 ## - PUBLICATION, DISTRIBUTION, ETC. |
| Place of publication, distribution, etc. |
Москва |
| 260 ## - PUBLICATION, DISTRIBUTION, ETC. |
| Name of publisher, distributor, etc. |
БЕК |
| 260 ## - PUBLICATION, DISTRIBUTION, ETC. |
| Date of publication, distribution, etc. |
1997 |
| 300 ## - PHYSICAL DESCRIPTION |
| Extent |
816 с. 21 см. |
| 653 ## - INDEX TERM--UNCONTROLLED |
| Uncontrolled term |
Экономика |
| 942 ## - ADDED ENTRY ELEMENTS (KOHA) |
| Koha item type |
წიგნი |